LEADER 00814nam0 2200253 450 001 000004509 005 20180629143430.0 100 $a20030205d1971----km-y0itay50------ba 101 1 $aita 102 $aIT 200 1 $aPer una nuova concezione della società$ee altri scritti$fRobert Owen$gintroduzione di G. D. H. Cole 210 $aBari$cLaterza$d1971 215 $aXXI, 254 p$d18 cm 225 2 $aUniversale Laterza$v184 304 $aTit. orig. : A new view of society and other writings 410 0$12001$aUniversale Laterza 610 1 $aSocialismo 676 $a335.12 700 1$aOwen,$bRobert$0538131 801 0$aIT$bUNIPARTHENOPE$gRICA$2UNIMARC 912 $a000004509 951 $cNAVA4$a309.09/100$b18149$d20030205 996 $aPer una nuova concezione della società$91205897 997 $aUNIPARTHENOPE LEADER 00811cam2 2200241 450 001 E600200049053 005 20210419124345.0 100 $a20090514d1976 |||||ita|0103 ba 101 $aita 102 $aIT 200 1 $a1$eLa filosofia pagana$e(dal VI secolo a.C. al III secolo d.C.)$f[scritti di] Pierre Aubenque [et al.] 210 $aMilano$cBiblioteca Universale Rizzoli$d1976 215 $a118 p.$d22 cm. 461 1$1001E600200049048$12000 $aStoria della filosofia 801 0$aIT$bUNISOB$c20210419$gRICA 850 $aUNISOB 852 $aUNISOB$j100$m23320 912 $aE600200049053 940 $aM 102 Monografia moderna SBN 941 $aM 957 $a100$b001969$i-1$gSi$d23320$racquisto$1massimo$2UNISOB$3UNISOB$420090514101953.0$520210419124333.0$6Alfano 996 $a1$961339 997 $aUNISOB